| 000 | 01042 a2200241 4500 | ||
|---|---|---|---|
| 005 | 20260202085757.0 | ||
| 008 | 260202b |||||||| |||| 00| 0 eng d | ||
| 020 | _a9788126319671 (hbk) | ||
| 037 | _cTB | ||
| 040 |
_aCRL _cCRL |
||
| 041 |
_2hin _ahin |
||
| 084 |
_aV2y7M69:g(Y5927) 152Q0 _qCRL |
||
| 100 |
_aसिंह, श्रीभगवान _9860708 |
||
| 245 | _aगाँधी और दलित भारत - जागरण | ||
| 250 | _a3 संस्करण | ||
| 260 |
_bभारतीय ज्ञानपीठ, _c2010. _aनयी दिल्ली, भारत: |
||
| 300 | _a284पृ. | ||
| 365 |
_b290.00 _cINR |
||
| 490 | _aलोकोदय ग्रंथमाला : ग्रंथांक 945 | ||
| 650 |
_aइतिहास _91113017 |
||
| 942 |
_cTB _2CC _n0 _hV2y7M69:g(Y5927) 152Q0 |
||
| 999 |
_c1466698 _d1466698 |
||